|
|
|
|
| LEADER |
00000nam a22000007a 4500 |
| 005 |
20161121150958.0 |
| 007 |
cr|||| ||u| |
| 008 |
161121s2009 Bl |||||o|||| 001 0 Por d |
| 020 |
|
|
|a 978-85-7456-259-9
|
| 035 |
|
|
|a 14555
|
| 040 |
|
|
|a vLex
|
| 090 |
|
|
|c 6402
|d 6402
|
| 100 |
1 |
|
|a Walmor Zibetti, Darcy
|
| 245 |
1 |
|
|a Agroinds︢tria
|h [Recurso electrn̤ico] :
|b Uma Anl̀ise no Contexto Socioeconm̥ico e Jurd̕ico Brasileiro /
|c Darcy Walmor Zibetti, Lucas Abreu Barroso.
|
| 256 |
|
|
|6 Servicio en ln̕ea
|
| 260 |
|
|
|a Sô Paulo:
|b LEUD,
|c 2009.
|
| 300 |
|
|
|a 1 Recurso electrn̤ico
|
| 506 |
1 |
|
|a Disponible en los productos indicados
|d vLex Global
|d vLex Global (Academic Edition, excluding Law Schools)
|d vLex Global (U.S. Academic Edition, Law Schools)
|d vLex Global (U.S. Academic Edition, excluding Law Schools)
|d vLex Global (Academic Edition, Law Schools)
|
| 650 |
0 |
4 |
|a Derecho administrativo
|z Brasil
|
| 700 |
1 |
|
|a Abreu Barroso, Lucas
|
| 740 |
0 |
|
|a vLex libros (servicio en ln̕ea)
|
| 856 |
4 |
0 |
|u http://vlex.com/source/agroindustria-analise-contexto-socioecon-mico-juridico-brasileiro-14555
|z Acceso restringido
|
| 942 |
|
|
|c BOOK
|
| 999 |
0 |
|
|a Administrative law
|